| 000 | 00756nam a2200265Ia 4500 | ||
|---|---|---|---|
| 003 | OSt | ||
| 005 | 20220928124315.0 | ||
| 006 | a|||||r|||| 00| 0 | ||
| 007 | ta | ||
| 008 | 220927b |||||||| |||| 00| 0 eng d | ||
| 024 | _a45144 | ||
| 037 | _cTextual | ||
| 040 |
_aSDCL _cSDCL _beng |
||
| 041 |
_2eng _aeng |
||
| 082 | _aW, P6 | ||
| 100 |
_aDryzek John S Ed. _9464276 |
||
| 245 | 0 | _aOxford handbook of political theory | |
| 260 |
_aOxford _bOxford University Press _c2006 |
||
| 300 |
_axv,883p _ccm. |
||
| 650 | _aPolitical Science | ||
| 700 |
_a Honig Bonnie Ed. _9464277 |
||
| 700 |
_a Phillips Anne Ed. _9427803 |
||
| 942 |
_hW, P6 _cTEXL _2CC |
||
| 999 |
_c777175 _d777175 |
||